Carmen SanDiego Theme Song Geography Lyrics - Statistics

General Stats
  • This quiz has been taken 200 times
  • The average score is 17 of 39
Answer Stats
Hint Answer % Correct
Tell me where in the World is Carmen ________? San Diego
96%
Tell me where in the world is Carmen ________? San Diego
96%
Tell me where in the world is Carmen ________? San Diego
96%
Well she glides around the globe and she'll flimflam every nation. She's a double-dealing diva with a taste for thievery. Her itinerary's loaded up with moving violations. Tell me where in the world is Carmen ________? San Diego
96%
Whoa, Tell me where in the world is Carmen ________? San Diego
96%
Tell me where in the world is Carmen ________? (Where could she be?) San Diego
96%
Where in the world is Carmen ________? (x5) San Diego
96%
Where in the world is Carmen ________? (x5) San Diego
96%
She'll take you for a ride on a slow boat to _____. China
69%
down to ______. Belize
49%
Shes a sticky-fingered filcher from ______ Berlin
46%
She put the miss in misdemeanor when she stole the beans from ____. Lima
44%
to ________, Carolina
41%
Well she'll ransack ________ Pakistan
39%
She go from _________, Nashville
38%
and run a scam in ___________. Scandinavia
36%
in _____ _____, South Korea
36%
to ______, Norway
34%
to ________, Zimbabwe
34%
Steal their _____ Seoul
33%
_______, Chicago
31%
to _________ they'll be singing the blues. Greenland
30%
Well she sneaks around the world from ____ Kiev
30%
Then she'll stick 'em up down under and go pick-pocket _____. Perth
28%
from the ___ ___ Red Sea
27%
make __________ cry uncle, Antarctica
26%
Well they never ________ her steal Arkansas
25%
to ______________ and back! Czechoslovakia
24%
_______, Bonaire
23%
the ______ from the jungle. Mekong
21%
_____, Milan
20%
____, Ohio
19%
to ________, Thailand
18%
via _________, Amsterdam
17%
to ____, Bali
17%
____, Mali
17%
____! Oahu
13%
Oh tell me where in the world, Oh tell me where can she be? Ooh ________, Botswana
11%
Where in the world is Carmen ________? (Back to _____) Chile
8%
No matching quizzes found
Score Distribution
Percent of People with Each Score
Percentile by Number Answered
Your Score History
You have not taken this quiz